School, Australia, 1981 preliminary

Salvato in:
Dettagli Bibliografici
Natura: Libro
Lingua:inglese
Pubblicazione: Canberra Australian Bureau of Statistics 1982
Tags: Aggiungi Tag
Nessun Tag, puoi essere il primo ad aggiungerne!!

MARC

LEADER 00000nam a2200000 4500
001 c132395
005 20041019155255.1
041 0 |a eng 
044 |a AU 
245 1 0 |a School, Australia, 1981  |b preliminary 
264 1 |a Canberra  |b Australian Bureau of Statistics  |c 1982 
300 |a 9 s.